000 00220nam a2200097Ia 4500
008 170619s9999 xx 000 0 und d
100 _aNarayana
245 0 _aStrength of Material
260 _bDhanpat Rai Pub.
260 _c2001
546 _aENGLISH
999 _c16088
_d16088